Pro ASP.NET 3.5 in C# 2008 / (رقم التسجيلة. 180133)
[ عرض عادي ]
| 000 -LEADER | |
|---|---|
| fixed length control field | 01306camaa22003851i 4500 |
| 001 - CONTROL NUMBER | |
| control field | 15380501 |
| 003 - CONTROL NUMBER IDENTIFIER | |
| control field | EG-GICUC |
| 005 - DATE AND TIME OF LATEST TRANSACTION | |
| control field | 20260513150043.0 |
| 008 - FIXED-LENGTH DATA ELEMENTS--GENERAL INFORMATION | |
| fixed length control field | 080724s2007 caua jr 001 0 eng |
| 020 ## - INTERNATIONAL STANDARD BOOK NUMBER | |
| International Standard Book Number | 9781590598931 |
| Qualifying information | pbk. |
| 020 ## - INTERNATIONAL STANDARD BOOK NUMBER | |
| International Standard Book Number | 1590598938 |
| Qualifying information | pbk. |
| 040 ## - CATALOGING SOURCE | |
| Original cataloging agency | DLC |
| Transcribing agency | DLC |
| Modifying agency | DLC |
| -- | EG-GICUC |
| Language of cataloging | eng |
| Description conventions | rda |
| 050 00 - LIBRARY OF CONGRESS CALL NUMBER | |
| Item number | M354 |
| 082 04 - DEWEY DECIMAL CLASSIFICATION NUMBER | |
| Edition number | 21 |
| Classification number | 006.76 |
| Item number | M354 |
| 092 04 - LOCALLY ASSIGNED DEWEY CALL NUMBER (OCLC) | |
| Edition number | 21 |
| Classification number | 006.76 |
| Item number | M354 |
| 099 ## - LOCAL FREE-TEXT CALL NUMBER (OCLC) | |
| Classification number | 006.76 M354 |
| 100 1# - MAIN ENTRY--PERSONAL NAME | |
| Personal name | MacDonald, Matthew. |
| Relator term | مؤلف. |
| 245 10 - TITLE STATEMENT | |
| Title | Pro ASP.NET 3.5 in C# 2008 / |
| Statement of responsibility, etc. | Matthew MacDonald and Mario Szpuszta. |
| 250 ## - EDITION STATEMENT | |
| Edition statement | 2nd ed. |
| 264 ## - PRODUCTION, PUBLICATION, DISTRIBUTION, MANUFACTURE, AND COPYRIGHT NOTICE | |
| Place of production, publication, distribution, manufacture | Berkeley, CA : |
| -- | New York : |
| Name of producer, publisher, distributor, manufacturer | Apress ; |
| -- | Distributed to the book trade worldwide by Springer-Verlag, |
| Date of production, publication, distribution, manufacture, or copyright notice | c2007. |
| 300 ## - PHYSICAL DESCRIPTION | |
| Extent | xxxvi, 1498 p. : |
| Other physical details | illustration ; |
| Dimensions | 24 cm. |
| 336 ## - CONTENT TYPE | |
| Content type term | text |
| Content type code | txt |
| Source | rdacontent |
| 337 ## - MEDIA TYPE | |
| Media type term | unmediated |
| Media type code | n |
| Source | rdamedia |
| 338 ## - CARRIER TYPE | |
| Carrier type term | volume |
| Carrier type code | nc |
| Source | rdacarrier |
| 490 0# - SERIES STATEMENT | |
| Series statement | The expert's voice in .NET |
| 500 ## - GENERAL NOTE | |
| General note | Includes index. |
| 504 ## - BIBLIOGRAPHY, ETC. NOTE | |
| Bibliography, etc. note | Bibliography: pages 1441-1498. |
| 541 ## - IMMEDIATE SOURCE OF ACQUISITION NOTE | |
| Source of acquisition | وزارة الثقافة ؛ |
| Address | القاهرة ؛ |
| Method of acquisition | إهداء ؛ |
| Date of acquisition | 2023. |
| 630 00 - SUBJECT ADDED ENTRY--UNIFORM TITLE | |
| Uniform title | Microsoft .NET Framework. |
| 650 #0 - SUBJECT ADDED ENTRY--TOPICAL TERM | |
| Topical term or geographic name entry element | Web site development. |
| 650 #0 - SUBJECT ADDED ENTRY--TOPICAL TERM | |
| Topical term or geographic name entry element | C# (Computer program language) |
| 700 1# - ADDED ENTRY--PERSONAL NAME | |
| Personal name | Szpuszta, Mario. |
| Relator term | Reviewer. |
| 905 ## - Cataloger and Reviser Names | |
| Cataloger Name | Samah |
| 942 ## - ADDED ENTRY ELEMENTS (KOHA) | |
| Source of classification or shelving scheme | Dewey Decimal Classification |
| Koha item type | Books |
| Edition | 21 |
| Suppress in OPAC | No |
| Withdrawn status | Lost status | Source of classification or shelving scheme | Damaged status | Not for loan | Home library | Current library | Date acquired | Inventory number | Total checkouts | Full call number | Barcode | Date last seen | Price effective from | Koha item type |
|---|---|---|---|---|---|---|---|---|---|---|---|---|---|---|
| Dewey Decimal Classification | Not for loan | مكتبة جامعة القاهرة الاهلية | قاعة الهندسة | 13.05.2026 | 12 | 006.76 M354 | 02010001200000 | 13.05.2026 | 13.05.2026 | Books |